Animaux sans voyelles #3 - Statistiques

Statistiques générales
  • Ce quiz a été pris 676 fois
  • Le résultat moyen est 16 sur 20
Statistiques - réponses
Indices Réponses % Correct
CHN Chien
99%
LZRD Lézard
98%
ZBR Zèbre
98%
LNX Lynx
95%
SNGLR Sanglier
95%
LPRD Léopard
91%
MRMTT Marmotte
91%
HRNDLL Hirondelle
89%
GZLL Gazelle
85%
KW Kiwi
84%
GRLL Gorille
83%
PPLLN Papillon
77%
LLGTR Alligator
76%
RNG-TN Orang-outan
72%
TRNTL Tarentule
65%
MTN Mouton
63%
CBR Cobra
59%
CHCL Chacal
56%
PLCN Pélican
49%
NCND Anaconda
44%
Aucun quiz correspondant
Distribution des résultats
% des personnes avec chaque résultat
Percentile par nombre de réponses
Votre historique - résultats
Vous n’avez pas pris ce quiz